000 00848nam0a22002771 4500
001 rc\3663276
005 20250610092857.0
021 _aRU
_b[72-19308]
035 _a(NLR Aleph) 007838588
090 _a9788674
_c9788674
100 _a20130115d1972 |||y0rusy50 ca
101 0 _arus
102 _aRU
105 _aab z |||||
200 1 _aБатальон в морском десанте
210 _aМосква
_cВоениздат
_d1972
215 _a174 с.
_cил., карт.
_d20
320 _aСписок лит.: с. 172-173 (36 назв.)
606 _aМорские десанты
_2psbo
606 _aПехота морская
_2psbo
700 1 _aКукушкин
_bП.В.
_gПавел Васильевич
801 0 _aRU
_bNLR
_gpsbo
801 1 _aRU
_bELAR
_2rusmarc
852 _aNLR
_j72-3/2896
942 _cBOOK
980 _aNB